MARC details
| 000 -LEADER |
| fixed length control field |
02829cam a2200409 i 4500 |
| 001 - CONTROL NUMBER |
| control field |
19252882 |
| 003 - CONTROL NUMBER IDENTIFIER |
| control field |
GZU |
| 005 - DATE AND TIME OF LATEST TRANSACTION |
| control field |
20200909095640.0 |
| 008 - FIXED-LENGTH DATA ELEMENTS--GENERAL INFORMATION |
| fixed length control field |
160614t2016 nyu b 000 0 eng |
| 010 ## - LIBRARY OF CONGRESS CONTROL NUMBER |
| LC control number |
2016024349 |
| 020 ## - INTERNATIONAL STANDARD BOOK NUMBER |
| International Standard Book Number |
9781590518557 |
| Qualifying information |
(hardcover) |
| 020 ## - INTERNATIONAL STANDARD BOOK NUMBER |
| International Standard Book Number |
9781590518564 (ebook) |
| 040 ## - CATALOGING SOURCE |
| Original cataloging agency |
DGU/DLC |
| Language of cataloging |
eng |
| Transcribing agency |
DGU |
| Description conventions |
rda |
| Modifying agency |
DLC |
| 042 ## - AUTHENTICATION CODE |
| Authentication code |
pcc |
| 043 ## - GEOGRAPHIC AREA CODE |
| Geographic area code |
f-ua--- |
| 050 00 - LIBRARY OF CONGRESS CALL NUMBER |
| Classification number |
DT107.88 |
| Item number |
.A76 2016 |
| 082 00 - DEWEY DECIMAL CLASSIFICATION NUMBER |
| Classification number |
962.05/5 |
| Edition number |
23 |
| 100 1# - MAIN ENTRY--PERSONAL NAME |
| Personal name |
Aspden, Rachel, |
| Relator term |
author |
| 245 10 - TITLE STATEMENT |
| Title |
Generation revolution : |
| Remainder of title |
on the front line between tradition and change in the Middle East / |
| Statement of responsibility, etc. |
Rachel Aspden. |
| 250 ## - EDITION STATEMENT |
| Edition statement |
First American hardcover edition. |
| 264 #1 - PRODUCTION, PUBLICATION, DISTRIBUTION, MANUFACTURE, AND COPYRIGHT NOTICE |
| Place of production, publication, distribution, manufacture |
New York : |
| Name of producer, publisher, distributor, manufacturer |
Other Press, |
| Date of production, publication, distribution, manufacture, or copyright notice |
2016. |
| 300 ## - PHYSICAL DESCRIPTION |
| Extent |
viii, 262 pages ; |
| Dimensions |
24 cm |
| 336 ## - CONTENT TYPE |
| Content type term |
text |
| Source |
rdacontent |
| 337 ## - MEDIA TYPE |
| Media type term |
unmediated |
| Source |
rdamedia |
| 338 ## - CARRIER TYPE |
| Carrier type term |
volume |
| Source |
rdacarrier |
| 504 ## - BIBLIOGRAPHY, ETC. NOTE |
| Bibliography, etc. note |
Includes bibliographical references (pages 255-262). |
| 505 0# - FORMATTED CONTENTS NOTE |
| Formatted contents note |
Amal and Nayera : women in a man's world -- Amr : kicking against a secret state -- Ayman and Mazen : seekers on the path to paradise -- Ayman, Mazen and Abu El-Hassan : the battle for Egypt's soul -- Ruqayah and Sara : the general's return -- Amr, Amal and Mazen : survival lessons. |
| 520 ## - SUMMARY, ETC. |
| Summary, etc. |
In 2003, Rachel Aspden arrived in Egypt as a 23-year-old trainee journalist. She found a country on the brink of change. The two-thirds of Egypt's 80 million citizens under the age of 30 were stifled, broken and frustrated, caught between a dictatorship that had nothing to offer them and their autocratic parents' generation, and left clinging to tradition and obedience by a lifetime of fear. In January 2011, the young people's patience ran out. They thought the revolution that followed would change everything for them. But as violence escalated, the economy collapsed and as the united front against Mubarak shattered into sectarianism, many found themselves wavering, hesitant to discard the old ways. Following the stories of four young Egyptians - Amr the atheist software engineer, Amal the village girl who defied her family and her entire community, Ayman the one-time religious extremist and Ruqayah the would-be teenage martyr - Generation Revolution unravels the complex forces shaping the lives of young people caught between tradition and modernity, and what their stories mean for the future of the Middle East. |
| 650 #0 - SUBJECT ADDED ENTRY--TOPICAL TERM |
| Topical term or geographic name entry element |
Revolutions |
| Geographic subdivision |
Egypt |
| General subdivision |
History |
| Chronological subdivision |
21st century. |
| 650 #0 - SUBJECT ADDED ENTRY--TOPICAL TERM |
| Topical term or geographic name entry element |
Youth |
| General subdivision |
Political activity |
| Geographic subdivision |
Egypt |
| General subdivision |
History |
| Chronological subdivision |
21st century. |
| 650 #0 - SUBJECT ADDED ENTRY--TOPICAL TERM |
| Topical term or geographic name entry element |
Youth |
| Geographic subdivision |
Egypt |
| General subdivision |
Social conditions |
| Chronological subdivision |
21st century. |
| 651 #0 - SUBJECT ADDED ENTRY--GEOGRAPHIC NAME |
| Geographic name |
Egypt |
| General subdivision |
History |
| Chronological subdivision |
Protests, 2011-2013. |
| 651 #0 - SUBJECT ADDED ENTRY--GEOGRAPHIC NAME |
| Geographic name |
Egypt |
| General subdivision |
Social conditions |
| Chronological subdivision |
21st century. |
| 906 ## - LOCAL DATA ELEMENT F, LDF (RLIN) |
| a |
7 |
| b |
cbc |
| c |
orignew |
| d |
1 |
| e |
ecip |
| f |
20 |
| g |
y-gencatlg |
| 942 ## - ADDED ENTRY ELEMENTS (KOHA) |
| Koha item type |
Books |
| Classification part |
107.88 |
| Item part |
ASP |
| Call number prefix |
DT |